Tổng tập văn học dân gian người Việt

Sách tập hợp các truyện cổ tích loài vật và truyện cổ tích sinh hoạt trong văn học dân gian Việt Nam từ xưa đến nay.

Spremljeno u:
Bibliografski detalji
Format: Knjiga
Jezik:Undetermined
Izdano: Hà Nội Khoa học Xã hội 2005
Teme:
Oznake: Dodaj oznaku
Bez oznaka, Budi prvi tko označuje ovaj zapis!
Thư viện lưu trữ: Trung tâm Học liệu Trường Đại học Cần Thơ
LEADER 00717nam a2200169Ia 4500
001 CTU_190024
008 210402s9999 xx 000 0 und d
082 |a 398.209597 
082 |b T455/T.7 
245 0 |a Tổng tập văn học dân gian người Việt 
260 |a Hà Nội 
260 |b Khoa học Xã hội 
260 |c 2005 
520 |a Sách tập hợp các truyện cổ tích loài vật và truyện cổ tích sinh hoạt trong văn học dân gian Việt Nam từ xưa đến nay. 
650 |a Folk literature, Vietnamese,Văn học dân gian, Người Việt Nam 
904 |i Trúc 
980 |a Trung tâm Học liệu Trường Đại học Cần Thơ